000 00646nam a22002417a 4500
003 UA-OsUOA
001 119629
007 ta
008 20161108b un ||||| |||| 00| 0 ukr d
100 _aСтепанян В. А.
090 _a82-94
_bС79
942 _cBK
040 _aUA-OsUOA
_brus
_cUA-OsUOA
_dUA-OsUOA
245 _aЖизнь между кадрами
_bвоспоминания
300 _a256 с.
955 _a3
041 _arus
080 _a82-94
020 _a978-966-578-251-3
260 _aК.
_bДніпро
_c2015
650 7 _a82 Література. Літературознавство
_2UDC
999 _c405480
_d405480